| 000 | 00512nam a2200169 a 4500 | ||
|---|---|---|---|
| 005 | 20140412111306.0 | ||
| 008 | 010503s19uu xx 00 eng d | ||
| 020 | _a0-86163-791-7 | ||
| 050 |
_aTR(PS E _bLi72 1987 |
||
| 245 |
_aStory of little red riding hood (The) / _cillustrated by Suzy-Jane Tanner. |
||
| 260 |
_aLondon : _bAward Publications Limited, _c1987. |
||
| 300 | _a1v. (unp.) ; ill. | ||
| 440 | _aRead Along With Me | ||
| 650 | _aChildren's stories | ||
| 650 | _aWolves-Stories | ||
| 999 |
_c103691 _d103691 |
||